000 00707nam a2200241Ia 4500
003 OSt
005 20220924125501.0
006 a|||||r|||| 00| 0
007 ta
008 220923b |||||||| |||| 00| 0 tel d
024 _a339544
037 _cTextual
040 _aARTS
_cARTS
_btel
041 _2tel
_atel
082 _adelta2y7LSI, 35K3
100 _aRaghava Charyulu Konduru veera Au.
_9198314
245 0 _aShri Siddayya Charitra
260 _aSathenapalli
_bVeerabrahmendra ashramamu India
_c1963
300 _a179p.
_ccm.
650 _aSPIRurdALISM
942 _hdelta2y7LSI, 35K3
_cTEXL
_2CC
999 _c422698
_d422698